Países que fazem fronteira com: Índia#18 - Statistics

Estatísticas Gerais
  • Esse quiz foi jogado 149 vezes
  • A pontuação média é 5 de 6
Estatísticas das Respostas
País % Correto
China
95%
Paquistão
95%
Nepal
94%
Bangladesh
90%
Butão
90%
Myanmar
73%
Nenhum quiz correspondente encontrado
Distribuição das Pontuações
Porcentagem de Pessoas com Cada Pontuação
Percentil de Números Respondidos
Sua Pontuação Histórica
Você não jogou esse quiz